Fábulas de La Fontaine (Record no. 44905)
[ view plain ]
| 000 -Etiqueta do registo | |
|---|---|
| Valores | 00734nam a2200241 4500 |
| 010 ## - Número ISBN | |
| ISBN | 9789720726551 |
| 021 ## - Número do Depósito Legal | |
| Número | 406953/16 |
| 100 ## - Dados gerais de processamento | |
| Dados gerais | 20161104d2016 cd y0pory50030103ba |
| 101 0# - Língua de publicação | |
| Língua | por |
| 102 ## - País de publicação | |
| País | PT |
| 200 1# - Titulo e menção de responsabilidade | |
| Título próprio | Fábulas de La Fontaine |
| Primeira menção de responsabilidade | Jean de La Fontaine |
| Outras menções de responsabilidade | il. Fatinha Ramos |
| 205 ## - Menção da edição | |
| Edição | 1.ª ed. |
| 210 #9 - Publicação | |
| Local de publicação | Porto |
| Nome do editor | Porto Editora, |
| Data de publicação | 2016 |
| 215 ## - Descrição física | |
| Paginação / Volumes | 104, [7] p. |
| Outras indicações físicas | il. |
| Dimensões | 20 cm |
| 225 2# - Colecção | |
| Título próprio da colecção | Educacão literária |
| 675 ## - CDU | |
| Notação | 821.133.1-342"16"(072) |
| Edição | BN |
| Língua | por |
| 700 #1 - Autor principal | |
| Apelido | La Fontaine, |
| Nome | Jean de, |
| Datas | 1621-1695 |
| 702 #1 - Autor secundário | |
| Apelido | Ramos, |
| Nome | Fatinha |
| Função | 440 |
| 801 #0 - Fonte de origem | |
| País | PT |
| Agência | BN |
| Regras de catalogação | RPC |
| 856 41 - Localização e acesso electrónico | |
| URL | <a href="http://rnod.bnportugal.gov.pt/ImagesBN/winlibimg.aspx?skey=&doc=1947094&img=85705&save=true">http://rnod.bnportugal.gov.pt/ImagesBN/winlibimg.aspx?skey=&doc=1947094&img=85705&save=true</a> |
| 990 ## - Elementos KOHA | |
| Tipo de documento | Livro |
| Aquisição | Empréstimo | Código de barras | Cota | Permissão de empréstimo | Tipo de documento |
|---|---|---|---|---|---|
| Biblioteca Escolar Doutor Hernâni Cidade | Biblioteca Escolar Doutor Hernâni Cidade | 81042 | 82-93 FON LIT. INF. JUV. | Livro |